La situación del mundo 2016 (Registro nro. 48512)
[ vista simple ]
| 000 -CABECERA | |
|---|---|
| Longitud fija campo de control | 02143nam a2200553 i 4500 |
| 001 - NÚMERO DE CONTROL | |
| Número de control | 48512 |
| 003 - IDENTIFICADOR DE NÚMERO DE CONTROL | |
| Identificador del número de control | ES-MaCES |
| 005 - FECHA Y HORA DE LA ÚLTIMA TRANSACCIÓN | |
| Fecha y hora de la última transacción | 20161115140738.0 |
| 008 - CAMPO FIJO DE DESCRIPCIÓN FIJA--INFORMACIÓN GENERAL | |
| Códigos de información de longitud fija | 161115s2016 sp ||||||y 000 ||spa d |
| 017 ## - NÚMERO DE REGISTRO DE DERECHOS DE AUTOR Y DEPÓSITO LEGAL | |
| Número de copyright o de depósito legal | B 18521-2016 |
| Agencia que asigna el número | DL |
| 020 ## - ISBN (INTERNATIONAL STANDARD BOOK NUMBER) | |
| Número Internacional Normalizado para Libros (ISBN) | 9788498887419 |
| 040 ## - FUENTE DE CATALOGACIÓN | |
| Centro catalogador de origen | ES-MaCES |
| Lengua de catalogación | spa |
| Centro transcriptor | ES-MaCES |
| 041 1# - CÓDIGO DE IDIOMA | |
| Código de lengua del texto;banda sonora o título independiente | eng |
| Código de lengua original | spa |
| 245 03 - MENCIÓN DE TÍTULO | |
| Título | La situación del mundo 2016 |
| Resto del título | : informe anual del Worldwatch Institute : ciudades sostenibles : del sueño a la acción |
| Mención de responsabilidad, etc. | dirs. del proyecto, Gary Gardner, Tom Prugh y Michel Renner ; editora, Lisa Mastny ; [autores], Betsy Agar ... [et al.] ; [trad. del inglés, Isabel Bermejo y Gabriela Vázquez] |
| 250 ## - MENCIÓN DE EDICIÓN | |
| Mención de edición | 1ª ed |
| 260 ## - PUBLICACIÓN, DISTRIBUCIÓN, ETC (PIE DE IMPRENTA) | |
| Lugar de publicación, distribución, etc. | Madrid |
| Nombre del editor, distribuidor, etc. | FUHEM Ecosocial |
| 260 ## - PUBLICACIÓN, DISTRIBUCIÓN, ETC (PIE DE IMPRENTA) | |
| Lugar de publicación, distribución, etc. | Barcelona |
| Nombre del editor, distribuidor, etc. | Icaria |
| Fecha de publicación, distribución, etc. | 2016 |
| 300 ## - DESCRIPCIÓN FÍSICA | |
| Extensión | 383 p. |
| Otras características físicas | gráf., fot. bl. y n. |
| Dimensiones | 22 cm |
| 500 ## - NOTA GENERAL | |
| Nota general | Traducción de: Can a city be sustainable, state of the world 2016 |
| 500 ## - NOTA GENERAL | |
| Nota general | La ed. spa incluye el capt. "Del Melanoma urbanístico a la ciudad bosque" de Emilio Santiago Muiño |
| 500 ## - NOTA GENERAL | |
| Nota general | Índices |
| 541 ## - NOTA DE LA FUENTE INMEDIANTE DE ADQUISICIÓN | |
| Forma de adquisición | Compra |
| 650 #4 - ASIENTO SECUNDARIO DE MATERIA--TÉRMINO DE MATERIA | |
| Término de materia o nombre geográfico como elemento inicial | ciudad |
| 9 (RLIN) | 28617 |
| 650 #4 - ASIENTO SECUNDARIO DE MATERIA--TÉRMINO DE MATERIA | |
| Término de materia o nombre geográfico como elemento inicial | zona urbana |
| 9 (RLIN) | 28618 |
| 650 #4 - ASIENTO SECUNDARIO DE MATERIA--TÉRMINO DE MATERIA | |
| Término de materia o nombre geográfico como elemento inicial | planificación urbana |
| 9 (RLIN) | 28620 |
| 650 #4 - ASIENTO SECUNDARIO DE MATERIA--TÉRMINO DE MATERIA | |
| Término de materia o nombre geográfico como elemento inicial | desarrollo urbano |
| 9 (RLIN) | 28619 |
| 650 #4 - ASIENTO SECUNDARIO DE MATERIA--TÉRMINO DE MATERIA | |
| Término de materia o nombre geográfico como elemento inicial | desarrollo sostenible |
| 9 (RLIN) | 30785 |
| 650 #4 - ASIENTO SECUNDARIO DE MATERIA--TÉRMINO DE MATERIA | |
| Término de materia o nombre geográfico como elemento inicial | cambio climático |
| 9 (RLIN) | 30961 |
| 650 #4 - ASIENTO SECUNDARIO DE MATERIA--TÉRMINO DE MATERIA | |
| Término de materia o nombre geográfico como elemento inicial | incineración de residuos |
| 9 (RLIN) | 31086 |
| 650 #4 - ASIENTO SECUNDARIO DE MATERIA--TÉRMINO DE MATERIA | |
| Término de materia o nombre geográfico como elemento inicial | energía renovable |
| 9 (RLIN) | 30979 |
| 650 #4 - ASIENTO SECUNDARIO DE MATERIA--TÉRMINO DE MATERIA | |
| Término de materia o nombre geográfico como elemento inicial | cohesión social |
| 9 (RLIN) | 30743 |
| 650 #4 - ASIENTO SECUNDARIO DE MATERIA--TÉRMINO DE MATERIA | |
| Término de materia o nombre geográfico como elemento inicial | 2016 |
| 9 (RLIN) | 32000 |
| 650 #4 - ASIENTO SECUNDARIO DE MATERIA--TÉRMINO DE MATERIA | |
| Término de materia o nombre geográfico como elemento inicial | informe |
| 9 (RLIN) | 28986 |
| 653 10 - TÉRMINO DE INDEXACIÓN--NO CONTROLADO | |
| Término no controlado | Vivienda-Construcción-Urbanismo |
| 700 1# - ENCABEZAMIENTO SECUNDARIO--NOMBRE PERSONAL | |
| Nombre de persona | Gardner, Gary |
| Término indicativo de función | dir. |
| 9 (RLIN) | 13110 |
| 700 1# - ENCABEZAMIENTO SECUNDARIO--NOMBRE PERSONAL | |
| Nombre de persona | Prugh, Tom |
| Término indicativo de función | dir. |
| 9 (RLIN) | 34755 |
| 700 1# - ENCABEZAMIENTO SECUNDARIO--NOMBRE PERSONAL | |
| Nombre de persona | Renner, Michael |
| 9 (RLIN) | 21899 |
| Término indicativo de función | dir. |
| 700 1# - ENCABEZAMIENTO SECUNDARIO--NOMBRE PERSONAL | |
| Nombre de persona | Mastny, Lisa |
| Término indicativo de función | ed. lit. |
| 9 (RLIN) | 18099 |
| 700 1# - ENCABEZAMIENTO SECUNDARIO--NOMBRE PERSONAL | |
| Nombre de persona | Bermejo, Isabel |
| Término indicativo de función | tr. |
| 9 (RLIN) | 7610 |
| 700 1# - ENCABEZAMIENTO SECUNDARIO--NOMBRE PERSONAL | |
| Nombre de persona | Márquez, Gabriela |
| Término indicativo de función | tr. |
| 9 (RLIN) | 37514 |
| 700 1# - ENCABEZAMIENTO SECUNDARIO--NOMBRE PERSONAL | |
| Nombre de persona | Agar, Betsy |
| 9 (RLIN) | 37515 |
| 700 1# - ENCABEZAMIENTO SECUNDARIO--NOMBRE PERSONAL | |
| Nombre de persona | Muiño, Emilio Santiago |
| 9 (RLIN) | 37518 |
| 710 2# - ENCABEZAMIENTO SECUNDARIO--NOMBRE CORPORATIVO | |
| Nombre de entidad o nombre de jurisdicción como elemento inicial | Worldwatch Institute |
| 9 (RLIN) | 5483 |
| 740 02 - ENCABEZAMIENTO SECUNDARIO--TÍTULO ANALÍTICO/RELACIONADO NO CONTROLADO | |
| Título relacionado o analítico no controlado | Can a city be sustainable, state of the world 2016 |
| 740 02 - ENCABEZAMIENTO SECUNDARIO--TÍTULO ANALÍTICO/RELACIONADO NO CONTROLADO | |
| Título relacionado o analítico no controlado | Del Melanoma urbanístico a la ciudad bosque |
| 787 0# - ENTRADA DE OTRAS ESPECIFICACIONES | |
| Título | La situación del mundo 2015 |
| Número de control del registro relacionado | (ES-MaCES)46774 |
| 902 ## - CES. TIPO DE DOCUMENTO | |
| Tipodoc (006$c Sirtex) | LIB Libro |
| 942 ## - ELEMENTOS KOHA | |
| Fuente de clasificaión o esquema | Clasificación propia del CES |
| Koha [por defecto] tipo de item | Monografías |
| Parte de clasificación | Políticas Sectoriales |
| Número de registro | Signatura completa | Tipo de item de Koha |
|---|---|---|
| 088390 | SG-5.2.-113 | Monografías |
